Sports Quiz

Random Sports or Hockey Quiz

NHL Mario Lemieux Career Goalies Quiz Stats

 Plays Quiz Updated Feb 28, 2020

Support Sporcle.
Go Orange.
Score 0/121 Timer 15:00
3 Plays Today
Goal(s) Allowed Goalie % Correct
8Patrick Roy
84.6%
8Martin Brodeur
80.6%
5Richard Brodeur
79.8%
3Dominik Hasek
74.4%
19Ron Hextall
73.8%
10Mike Richter
67.1%
6Ed Belfour
66.3%
7Grant Fuhr
65%
32John Vanbiesbrouck
62.5%
6Billy Smith
60.2%
1Chris Osgood
57.5%
10Mike Vernon
55.9%
2Curtis Joseph
55.7%
5Olaf Kolzig
53.1%
4Andy Moog
53%
3Felix Potvin
48.1%
8Tom Barrasso
47.5%
14Kelly Hrudey
46.3%
14Bill Ranford
45%
3Roberto Luongo
44.4%
3Jim Carey
41.8%
13Sean Burke
41.6%
2Nikolai Khabibulin
39.1%
4Jose Theodore
39%
6Kirk McLean
38.7%
5Arturs Irbe
37.1%
10Jon Casey
36%
1Brent Johnson
34.9%
11Jocelyn Thibault
34.5%
7Ron Tugnutt
33.9%
11Mike Liut
33.2%
8Chris Terreri
33%
14Pete Peeters
31.9%
15Don Beaupre
31.7%
14Glenn Healy
31.3%
11Ken Wregget
30.4%
4Daren Puppa
30.1%
2Garth Snow
29%
4Bob Essensa
28.7%
9Jacques Cloutier
28%
4Stephane Fiset
25.8%
Goal(s) Allowed Goalie % Correct
3Jeff Hackett
25.3%
4Guy Hebert
24.7%
4Tim Cheveldae
24.7%
8Rejean Lemelin
24.5%
2Trevor Kidd
24.1%
3Byron Dafoe
23.9%
1Pelle Lindbergh
23.8%
1Kevin Weekes
23.5%
11Clint Malarchuk
22.7%
4Damian Rhodes
22.6%
2Roman Cechmanek
22.6%
1Brian Boucher
20.6%
4Glenn Resch
20.3%
10Tommy Soderstrom
20.2%
5Bob Mason
19.8%
2Manny Fernandez
19.1%
3Brian Hayward
19%
10Mark Fitzpatrick
18.1%
10Glen Hanlon
18%
1Darren Pang
17.9%
6Peter Sidorkiewicz
17.9%
9Craig Billington
17.9%
6Greg Millen
17.1%
11Bob Froese
16.6%
3Allan Bester
16.4%
6Rick Wamsley
16%
4Wendell Young
15.5%
1Steve Shields
15.4%
1Andre Racicot
15%
3Steve Weeks
14.6%
1Rick Tabaracci
14.4%
3Don Edwards
14.1%
5Bob Sauve
13.7%
4Vincent Riendeau
13.2%
3Eldon Reddick
13.1%
6Roland Melanson
13.1%
8Dominic Roussel
13%
11Mario Gosselin
12.8%
7Murray Bannerman
12.7%
5Kay Whitmore
12.5%
2Dan Bouchard
12.4%
Goal(s) Allowed Goalie % Correct
6Darcy Wakaluk
11.8%
11Alain Chevrier
11.5%
2Jeff Reese
11.4%
1Gilles Meloche
11.3%
3Corey Hirsch
11.1%
4Pat Riggin
10.7%
2Daniel Berthiaume
10.5%
4Greg Stefan
10.5%
1Kari Takko
10.4%
3Mikhail Shtalenkov
10.4%
3Corey Schwab
9.6%
2Pat Jablonski
9.2%
1Al Jensen
8.7%
3Troy Gamble
8.6%
3Jarmo Myllys
8.5%
1Stephane Beauregard
8.5%
2Ron Low
8.4%
1Eric Fichaud
8.4%
3Mark LaForest
7.6%
1Robb Stauber
7.4%
2Wade Flaherty
7.3%
1Andre Trefilov
7.3%
4Jim Hrivnak
6.9%
3Tom Draper
6.6%
2Doug Soetaert
5.9%
1J.C. Bergeron
5.6%
1Jason Muzzatti
5.2%
4Frank Caprice
4.7%
1Sam St. Laurent
4.6%
1Bob Janecyk
4.3%
3Mario Brunetta
4%
1Darren Eliot
4%
3Tim Bernhardt
3.6%
1Mike O'Neill
3.4%
2Scott Bailey
3.3%
2Doug Dadswell
3%
3Marc Behrend
2.8%
2Randy Exelby
2.7%
1Vitali Yeremeyev
2.4%

From the Vault

Famous Georges

by THEJMAN

We lost a George today. R.I.P.
Remove Ads.
Support Sporcle.
Get the best of Sporcle when you Go Orange. This ad-free experience offers more features, more stats, and more fun while also helping to support Sporcle. Thank you for becoming a member.

Show Comments

Extras

Top Quizzes Today


Score Distribution

Your Account Isn't Verified!

In order to create a playlist on Sporcle, you need to verify the email address you used during registration. Go to your Sporcle Settings to finish the process.

Report this User

Report this user for behavior that violates our Community Guidelines.

Details: